U.S. States Closest to Moscow - Statistics

General Stats
  • This quiz has been taken 48,262 times
  • The average score is 8 of 10
Answer Stats
mi state km % Correct
4405 New York 7088
95%
3625 Alaska 5835
94%
4131 Maine 6648
93%
4352 Vermont 7004
87%
4323 New Hampshire 6957
85%
4514 Rhode Island 7266
85%
4450 Massachusetts 7162
81%
4527 Connecticut 7286
79%
4632 Pennsylvania 7456
72%
4614 Michigan 7425
36%
No matching quizzes found
Score Distribution
Percent of People with Each Score
Percentile by Number Answered
Your Score History
You have not taken this quiz